[Event "Bundesliga 1718"]
[Site "Germany"]
[Date "2017.10.22"]
[Round "2.6"]
[White "Michalik, Peter"]
[Black "Kraemer, Enrico"]
[Result "1-0"]
[WhiteElo "2546"]
[BlackElo "2149"]
[PlyCount "73"]
[EventDate "2017.10.21"]
[EventType "team-tourn"]
[EventRounds "15"]
[EventCountry "GER"]
[SourceTitle "CBM 181"]
[Source "ChessBase"]
[SourceDate "2017.11.10"]
[SourceVersion "1"]
[SourceVersionDate "2017.11.10"]
[SourceQuality "1"]
[WhiteTeam "Schwaebisch Hall"]
[BlackTeam "Speyer Schwegenheim"]
[WhiteTeamCountry "GER"]
[BlackTeamCountry "GER"]

1. c4 e6 2. Nc3 d5 3. d4 Nf6 4. cxd5 exd5 5. Bg5 Be7 6. e3 c6 7. Qc2 Nbd7 8. Bd3 h6 9. Bh4 Nh5 10. Bxe7 Qxe7 11. 0-0-0 Nb6 12. Kb1 g6 13. h3 Be6 14. Nf3 Ng7 15. g4 0-0-0 16. a4 Kb8 17. a5 Nd7 18. a6 b6 19. e4 Rc8 20. Rhe1 h5 21. exd5 cxd5 22. g5 Qb4 23. Qd2 Ka8 24. Nb5 Qxd2 25. Rxd2 Rc6 26. Rde2 Rhc8 27. h4 Kb8 28. Nc3 Nf5 29. Na2 Ng7 30. Nb4 Rd6 31. Rc1 Rxc1+ 32. Kxc1 Ne8 33. Rc2 Nf8 34. Ne5 Ka8 35. Bb5 Rd8 36. Bc6+ Kb8 37. Bb7 1-0

[Event "Rheinland Pfalz op 9th"]
[Site "Lambsheim"]
[Date "2017.06.16"]
[Round "3"]
[White "Kraemer, Enrico"]
[Black "Armbrust, Matthias"]
[Result "1-0"]
[WhiteElo "2175"]
[BlackElo "1799"]
[PlyCount "99"]
[EventDate "2017.06.15"]
[EventType "swiss"]
[EventRounds "7"]
[EventCountry "GER"]
[SourceTitle "CBM 178 Extra"]
[Source "ChessBase"]
[SourceDate "2017.06.22"]
[SourceVersion "1"]
[SourceVersionDate "2017.06.22"]
[SourceQuality "1"]

1. d4 g6 2. e4 Bg7 3. c4 d6 4. Nc3 Nc6 5. Nge2 e5 6. Be3 exd4 7. Nxd4 Nf6 8. Be2 0-0 9. 0-0 Re8 10. Nxc6 bxc6 11. Bf3 Rb8 12. Rb1 c5 13. Re1 Bb7 14. Bg5 h6 15. Bh4 g5 16. Bg3 Nd7 17. Qd2 Ne5 18. b3 Nxf3+ 19. gxf3 Qf6 20. Re3 h5 21. h3 Qe6 22. Nd5 Bxd5 23. Qxd5 Qxh3 24. Qxg5 Re6 25. Qh4 Qxh4 26. Bxh4 Bd4 27. Ree1 Kh7 28. Kh2 Bc3 29. Rg1 Rg6 30. f4 Re8 31. Rxg6 fxg6 32. f3 Rf8 33. Kg3 Kg7 34. Bg5 Rf7 35. Rd1 Bd4 36. Re1 Rf8 37. Rd1 Rf7 38. b4 Rf8 39. bxc5 Bxc5 40. Rb1 Kf7 41. f5 gxf5 42. exf5 Re8 43. Rh1 Re2 44. Rxh5 Bb6 45. Rh7+ Kg8 46. Rd7 Re5 47. Kg4 Re8 48. Kh5 Rc8 49. Kg6 Bd4 50. f6 1-0

[Event "Rheinland Pfalz op 9th"]
[Site "Lambsheim"]
[Date "2017.06.15"]
[Round "2"]
[White "Hinrichs, Niklas"]
[Black "Kraemer, Enrico"]
[Result "1-0"]
[WhiteElo "1930"]
[BlackElo "2175"]
[PlyCount "71"]
[EventDate "2017.06.15"]
[EventType "swiss"]
[EventRounds "7"]
[EventCountry "GER"]
[SourceTitle "CBM 178 Extra"]
[Source "ChessBase"]
[SourceDate "2017.06.22"]
[SourceVersion "1"]
[SourceVersionDate "2017.06.22"]
[SourceQuality "1"]

1. d4 Nf6 2. c4 g6 3. Nc3 Bg7 4. e4 d6 5. f3 0-0 6. Be3 b6 7. Qd2 c5 8. Nge2 e6 9. 0-0-0 Qe7 10. g4 Nc6 11. h4 Ba6 12. b3 cxd4 13. Nxd4 Nxd4 14. Bxd4 Rac8 15. h5 Rfd8 16. Kb2 Bb7 17. Qh2 h6 18. hxg6 fxg6 19. Qh4 g5 20. Qe1 Ne8 21. Qe2 Bxd4 22. Rxd4 Qf6 23. Qe3 Ng7 24. Be2 e5 25. Rd2 Ne6 26. Nb5 Qf8 27. Rhd1 Rc6 28. Nxa7 Rc7 29. Qxb6 Rcd7 30. Nb5 Rb8 31. Qe3 Rbd8 32. b4 Ba6 33. Qb3 Kg7 34. c5 Nf4 35. Bf1 Rb8 36. a4 1-0